| 000 | 00907cam a22002777a 4500 | ||
|---|---|---|---|
| 003 | CHAP | ||
| 005 | 20220329140045.0 | ||
| 008 | 971013s r 00010 d | ||
| 010 | _a46329 | ||
| 011 | _a47301 | ||
| 035 | _a51443 | ||
| 040 | _cCHAP | ||
| 090 | _aR-2312Y | ||
| 100 | 0 | 0 |
_aPeres, León. _987135 |
| 245 | 1 | 3 |
_aLa organización de la investigación y el control de los incentivos _b: el caso de una organización científica australiana |
| 500 | _aSobretiro de: Public Administration 22(4) : 330-349, 1963 | ||
| 590 |
_aBATCH-UPD _b10 _c20130110 _lUCH01 _h1358 |
||
| 590 |
_aBATCH-UPD _b10 _c20130410 _lUCH01 _h0851 |
||
| 590 |
_aBATCH-UPD _b10 _c20130914 _lUCH01 _h0933 |
||
| 590 |
_aCONVERSION _b10 _c20130109 _lUCH01 _h1325 |
||
| 650 | 1 | 4 |
_aAustralia _xInvestigación. _98367 |
| 650 | 1 | 4 |
_aCiencia. _923107 |
| 901 | _aBK | ||
| 942 | _cREIMP | ||
| 949 |
_aR-2312Y _bBC _cR _d-115074 _eTS1 _i51443 _si |
||
| 999 |
_c46329 _d46329 |
||